| 000 | 00626nam a2200205 a 4500 | ||
|---|---|---|---|
| 005 | 20231024063636.0 | ||
| 008 | 991125n1960 mx 000 0 spa u | ||
| 035 | _aUPN01000018678 | ||
| 049 | _aLT | ||
| 050 | 4 |
_aLB1589 M6.5 _bE3.3 LE |
|
| 245 | 0 | 0 |
_aEjercicios de aritmética y geometría : _bquinto año |
| 260 |
_aMéxico : _bAvante, _c1960 |
||
| 300 |
_a93 p. : _bil |
||
| 440 | 0 | _aCuaderno de tareas | |
| 500 | _aDatos tomados de la cubierta | ||
| 650 | 4 |
_aAritmética _xEstudio y enseñanza (Elemental) _95289 |
|
| 650 | 4 |
_aGeometría _xEstudio y enseñanza (Elemental) _94869 |
|
| 905 | _aLibro | ||
| 999 |
_c18678 _d18678 |
||